| 000 | 00706cam a22002531 4500 | ||
|---|---|---|---|
| 001 | 16582 | ||
| 003 | BD-RjUL | ||
| 005 | 20211209000028.0 | ||
| 008 | 140215s1955 xx 001 0 eng | ||
| 035 | _a(BD-RjUL)16637 | ||
| 035 | _a(OCoLC)1475989 | ||
| 040 |
_aDLC _cFM _dDLC _dBD-RjUL _beng |
||
| 041 | _aeng | ||
| 082 | 0 | 0 |
_a796.352 _bMUM 1955 |
| 100 | 1 |
_aMurray, Henry Arthur, _d1892- _951236 |
|
| 245 | 1 | 0 |
_aMore golf secrets : _bSequel to the golf secret / _cDr. H. A. Murray. |
| 260 |
_aNew York : _bEmerson Books, _c1955. |
||
| 300 |
_a140 p. : _billus. ; _c20 cm. |
||
| 504 | _aIncludes index. | ||
| 650 | 0 |
_aGolF _951237 |
|
| 942 |
_2ddc _cBK |
||
| 999 |
_c16582 _d16582 |
||